| 000 | 00556nam a2200169Ia 4500 | ||
|---|---|---|---|
| 999 |
_c28813 _d28813 |
||
| 003 | GCL | ||
| 005 | 20240530101930.0 | ||
| 008 | 140319s9999 xx 000 0 ara d | ||
| 040 |
_aGCL / _cGCL |
||
| 082 | 0 | 4 |
_a189.1 _bا ت |
| 100 | 0 | _aابى الوليد بن رشد | |
| 245 | 1 | 0 |
_aتلخيص كتاب ارسطوطاليس فى الجدل _cابى الوليد ابن رشد |
| 260 |
_a[S.N] : _bالهيئة المصرية العامة للكتاب ، _c1983 |
||
| 300 | _a501 | ||
| 700 | 0 | _aمحمد سليم سالم (تحقيق) | |
| 942 |
_2ddc _cBK |
||